| 000 -LEADER |
| fixed length control field |
01453nam a22003497a 4500 |
| 008 - FIXED-LENGTH DATA ELEMENTS--GENERAL INFORMATION |
| fixed length control field |
250524b xxu||||| |||| 00| 0 eng d |
| 040 ## - CATALOGING SOURCE |
| Transcribing agency |
Cagayan State University |
| 082 ## - DEWEY DECIMAL CLASSIFICATION NUMBER |
| Classification number |
791.4372 |
| Item number |
G783 |
| 245 ## - TITLE STATEMENT |
| Title |
The gray man / directed by Joe Russo ; produced by Anthony Russo, Joe Roth, Jeff Kirschenbaum, Mike Larocca, Chris Castaldi ; written by John Grey Higginbotham. |
| 260 ## - PUBLICATION, DISTRIBUTION, ETC. (IMPRINT) |
| Place of publication, distribution, etc |
United Sates : |
| Name of publisher, distributor, etc |
AGBO Roth/Kirschenbaum Films, |
| Date of publication, distribution, etc |
2022 |
| 300 ## - PHYSICAL DESCRIPTION |
| Extent |
1 videofile, (ca. 122 mins.) : |
| Other physical details |
sound, color. |
| 520 ## - SUMMARY, ETC. |
| Summary, etc |
When the CIA's most skilled operative, whose true identity is known to none, accidentally uncovers dark agency secrets, a psychopathic former colleague puts a bounty on his head, setting off a global manhunt by international assassins. |
| 546 ## - LANGUAGE NOTE |
| Language note |
In English Subtitle. |
| 650 ## - SUBJECT ADDED ENTRY--TOPICAL TERM |
| Topical term or geographic name as entry element |
Action. |
| 650 ## - SUBJECT ADDED ENTRY--TOPICAL TERM |
| Topical term or geographic name as entry element |
Mystery. |
| 650 ## - SUBJECT ADDED ENTRY--TOPICAL TERM |
| Topical term or geographic name as entry element |
Thriller. |
| 700 ## - ADDED ENTRY--PERSONAL NAME |
| Personal name |
Gosling, Ryan, star. |
| 700 ## - ADDED ENTRY--PERSONAL NAME |
| Personal name |
Armas, de Ana, star. |
| 700 ## - ADDED ENTRY--PERSONAL NAME |
| Personal name |
Evans, Chris, star. |
| 700 ## - ADDED ENTRY--PERSONAL NAME |
| Personal name |
Bob Thornton, Billy, star. |
| 700 ## - ADDED ENTRY--PERSONAL NAME |
| Personal name |
Henwick, Jessica, star. |
| 700 ## - ADDED ENTRY--PERSONAL NAME |
| Personal name |
Page, Regé-Jean, star. |
| 700 ## - ADDED ENTRY--PERSONAL NAME |
| Personal name |
Moura, Wagner Moura, star. |
| 700 ## - ADDED ENTRY--PERSONAL NAME |
| Personal name |
Butters, Julia, star. |
| 700 ## - ADDED ENTRY--PERSONAL NAME |
| Personal name |
Dhanush, star. |
| 700 ## - ADDED ENTRY--PERSONAL NAME |
| Personal name |
Woodard, Alfre, star. |
| 700 ## - ADDED ENTRY--PERSONAL NAME |
| Personal name |
Thornton, Billy Bob, star. |
| 700 ## - ADDED ENTRY--PERSONAL NAME |
| Personal name |
Windon, Stephen F. , cinematographer |
| 700 ## - ADDED ENTRY--PERSONAL NAME |
| Personal name |
Groth, Jeff, Scalia, Pietro, editor. |
| 700 ## - ADDED ENTRY--PERSONAL NAME |
| Personal name |
Scalia, Pietro, editor. |
| 942 ## - ADDED ENTRY ELEMENTS (KOHA) |
| Source of classification or shelving scheme |
|
| Item type |
Audio-Visual Materials |